学习的革命2.0 (Record no. 322589)

000 -LEADER
fixed length control field 00419 a2200157 4500
020 ## - ISBN
ISBN 9786263052819
082 ## - 索书号 Call Number
分类号Classification number 527
作者号 Author number 6460-04
100 ## - 作者
作者 佐藤学 著
245 ## - 书名 TITLE
书名Title 学习的革命2.0
副书名 Remainder of Title AI与疫情如何改变教育的未来
250 ## - 版本 EDITION STATEMENT
版本叙述 Edition statement 初版;平装
260 ## - 出版项PUBLICATION, DISTRIBUTION, ETC. (IMPRINT)
出版社 Name of publisher 亲子天下股份有限公司
出版日期 Date of publication 2022
出版地 Place of publication 台北市
300 ## - 稽核项 PHYSICAL DESCRIPTION
页数 Number of Pages 219页
尺寸 Dimensions 21公分
500 ## - 一般附注 GENERAL NOTE
附注 General note
700 ## - ADDED ENTRY--PERSONAL NAME
第二作者 / 译者 / 绘者 黄郁伦 译
942 ## - ADDED ENTRY ELEMENTS (KOHA)
Koha item type Books
Holdings
Source of classification or shelving scheme Not for loan Permanent Location Current Location Shelving location Date acquired Source of acquisition Cost, normal purchase price Full call number Barcode Cost, replacement price Koha item type
    LIBRARY CHUNG HWA HIGH SCHOOL MUAR LIBRARY CHUNG HWA HIGH SCHOOL MUAR 5 社会科学(二楼 F~H) 2026-02-06 75.30 527 6460-04 050204 150.60 Books

Powered by Koha